000 00409nam a22001697a 4500
005 20180604113554.0
008 160621b xxu||||| |||| 00| 0 eng d
020 _a978-81-203-1235-7
041 _aeng
082 _b8775
_a519.5
100 _alevin,Richard I and Rubin, David S.
_92409
245 _aStatistics for management
260 _bPHI
300 _a1026
650 _aManagement
_9241
942 _cBK
999 _c3408
_d3407